000 00757nam a2200205 4500
001 122492
003 ES-MaACL
005 20230906192004.0
007 t|
008 070214s1952 sp r ||||1| spa d
100 1 _aMaynard, Harold Bright.
_979384
245 1 0 _aPrincipios de la medida del tiempo de los métodos /
_ctraducido por el personal de MEC de España y preparado por Harold B. Maynard y el personal de Methods Engineering Council.
260 _aMadrid :
_b[s. n.],
_c1952.
300 _a38 p. :
_bil. ;
_c23 cm.
490 1 _aMétodos de fabricación
710 2 _aMethods Engineering Council.
_bRama española.
_95691
830 0 _aMétodos de fabricación
_9180961
852 _aES-MaACL
_j2019-F-19
_bR.45837
999 _c122492
_d122492